| 000 | 00934nam a22002297a 4500 | ||
|---|---|---|---|
| 008 | 081114t xxu||||| |||| 00| 0 eng d | ||
| 010 | _aENG-91610 | ||
| 020 |
_a9788189975203 _c195.00 |
||
| 035 | _aEN-75143 | ||
| 037 | _bDBAD / PUB | ||
| 040 |
_adpl _bEnglish |
||
| 082 | _a658.827 | ||
| 100 | _aColeman, Barrie Blake | ||
| 245 |
_aBrand names and product dynasties: _cby Barrie Blake Coleman _blessons in retrospect / |
||
| 260 |
_aNew Delhi _bWestland Books _c2007 |
||
| 270 |
_aF-5, Okhla Industrial Area, Phase - I, Mezzanine Floor _bNew Delhi _e110002 |
||
| 300 |
_a212p.: _c22cm (pbk) _bill. |
||
| 500 | _aIncludes bibliographical references and index | ||
| 650 | _aBrand name products | ||
| 942 |
_2ddc _cEN _mCOL _h658.827 |
||
| 999 |
_c18416 _d18416 |
||